Normal view
MARC view
Entry AUTORIDADES PERSONAS
001 - NÚMERO DE CONTROL
- campo de control: 474
003 - CONTROL
- campo de control: AR-BaSMT
005 - FECHA Y HORA DE LA ÚLTIMA TRANSACCIÓN
- campo de control: 20260430093809.0
008 - ELEMENTOS LONGITUD FÍSICA
- campo de control de longitud fija: 260430nn aznnnaabn a aba d
040 ## - FUENTE DE CATALOGACIÓN
- Agencia que cataloga: AR-BaSMT
- Idioma de catalogación: spa
- Norma: RDA
100 1# - ENCABEZAMIENTO-NOMBRE DE PERSONA
- Nombre de persona: Roxicake
- Títulos y otros términos asociados al nombre: Autor
372 ## - CAMPO DE ACTIVIDAD
- Fuente (LEMB) : Lemb
- Campo en el que la persona se ha dedicado : Literatura
- Campo en el que la persona se ha dedicado : Medios de comunicación
374 ## - OCUPACIÓN
- Fuente Ej: LEMB : Lemb
- Ocupación: Escritores
375 ## - GÉNERO/SEXO
- Masculino, femenino, desconocido, intersexo, … : Femenino
377 #7 - IDIOMA ASOCIADO
- Código (spa) : spa
- Lengua (español) : español
670 ## - FUENTE DE DATOS ENCONTRADOS
- Cita de la fuente: Escapa del tocino, 2026
- Donde se localiza la información: port. (Roxicake)
675 ## - FUENTE DE DATOS NO ENCONTRADOS
- Url + fecha : https://viaf.org/es/viaf/search?field=local.personalNames+all&index=VIAF&searchTerms=roxicake 30/04/2026
